| 000 | 00727nam a2200217 i 4500 | ||
|---|---|---|---|
| 001 | 109026 | ||
| 003 | ES-MaACL | ||
| 005 | 20251005063105.0 | ||
| 007 | t| | ||
| 008 | 061121s1952 sp r ||||1| spa d | ||
| 100 | 1 |
_aBrandeler, Agnes van den, _d1918-2002 _9172872 |
|
| 245 | 1 | 0 |
_aDibujos de Agnes van Brandeler / _c[texto de Antonio Oliver]. |
| 260 |
_aMadrid : _b[s.n.], _c1952 ( _fNueva Imp. Radio) |
||
| 300 |
_a13 p., 16 lám. ; _c17 cm. |
||
| 490 | 1 | _aPalma. Serie Velázquez | |
| 600 | 1 | 4 |
_aBrandeler, Agnes van den, _d1918-2002 _9172872 |
| 700 | 1 |
_aOliver Belmás, Antonio, _d1903-1968 _986831 |
|
| 830 | 1 |
_aPalma. Serie Velázquez _9226360 |
|
| 852 |
_aES-MaACL _j1906-F-13 |
||
| 999 |
_c109026 _d109026 |
||